000 00988nam a2200241 a 4500
001 000021316
005 20200930011307.0
008 100906s2003 dr b 000 0 spa d
020 _a9993489085
040 _aDO-SdBNP
_bspa
_cBNPHU
082 _a928.617293
_bM194e
245 0 0 _aMagisterio y creación :
_blos Henríquez Ureña /
_cEstudio crítico y selección Yolanda Ricardo ; presentación Mario Bonetti.
260 _aSanto Domingo :
_bPublicaciones de la Academia de Ciencias,
_c2003.
300 _a380 p. :
_bretr. ;
_c25 cm.
504 _aIncluye notas y referencias bibliográficas al pie de las páginas.
650 4 _aHenríquez ureña (familia)
_xEnsayos, conferencias, etc
_944544
650 4 _aLiteratura dominicana
_xEnsayos, conferencias, etc
_923194
650 4 _aLiteratura dominicana
_xHistoria y crítica
_9159
650 4 _aIntelectuales
_xEnsayos, conferencias, etc.
_944545
700 1 _aRicardo, Yolanda
_95141
700 1 _aBonetti, Mario
_95148
049 _aBNPD
999 _c20816
_d20816